书目信息 |
| 题名: |
常用吉祥词语
|
|
| 作者: | 李家玉 , 李宜编著 编著 | |
| 分册: | ||
| 出版信息: | 北京 中国社会出版社 2005.7 |
|
| 页数: | 191页 | |
| 开本: | 21cm | |
| 丛书名: | ||
| 单 册: | ||
| 中图分类: | H136.4 | |
| 科图分类: | ||
| 主题词: | 汉语--han yu--社会习惯语 , 社会习惯语--she hui xi guan yu | |
| 电子资源: | ||
| ISBN: | 7-5087-0644-7 | |
| 000 | 00858nam0 2200253 450 | |
| 001 | CAL 012006006633 | |
| 005 | 20061031105836.96 | |
| 010 | @a7-5087-0644-7@dCNY12.00 | |
| 099 | @aCAL 012006006633 | |
| 100 | @a20060909d2005 em y0chiy0120 ea | |
| 101 | 0 | @achi |
| 102 | @aCN@b110000 | |
| 105 | @ay z 000yy | |
| 200 | 1 | @a常用吉祥词语@Achang yong ji xiang ci yu@f李家玉, 李宜编著 |
| 210 | @a北京@c中国社会出版社@d2005.7 | |
| 215 | @a191页@d21cm | |
| 330 | @a在我国的吉祥文化中, 吉祥词语是一朵绚丽的鲜花。本书按汉语拼音顺序介绍了汉语社会用语, 其中有: 祝寿常用词语、贺财常用词语、贺绿词语、贺喜词语。 | |
| 606 | 0 | @a汉语@Ahan yu@x社会习惯语 |
| 606 | 0 | @a社会习惯语@Ashe hui xi guan yu |
| 690 | @aH136.4@v4 | |
| 701 | 0 | @a李家玉@Ali jia yu@4编著 |
| 701 | 0 | @a李宜编著@Ali yi bian zhu@4编著 |
| 801 | 0 | @aCN@c20061031 |
| 905 | @a10447@dH136.4@eL180 | |
| 常用吉祥词语/李家玉, 李宜编著.-北京:中国社会出版社,2005.7 |
| 191页;21cm |
| ISBN 7-5087-0644-7:CNY12.00 |
| 在我国的吉祥文化中, 吉祥词语是一朵绚丽的鲜花。本书按汉语拼音顺序介绍了汉语社会用语, 其中有: 祝寿常用词语、贺财常用词语、贺绿词语、贺喜词语。 |
| ● |
| 相关链接 |
|
|
|
正题名:常用吉祥词语
索取号:H136.4/L180
 
预约/预借
| 序号 | 登录号 | 条形码 | 馆藏地/架位号 | 状态 | 备注 |
| 1 | 631073 | 206310730 | 语言库209/209语言库 73排1列6层/ [索取号:H136.4/L180] | 在馆 | |
| 2 | 631074 | 206310749 | 语言库209/209语言库 73排1列6层/ [索取号:H136.4/L180] | 在馆 | |
| 3 | 631075 | 206310758 | 语言库209/209语言库 73排1列6层/ [索取号:H136.4/L180] | 在馆 |